Normal view
MARC view
- Sparks, Nicholas
Entry Personal Name
001 - CONTROL NUMBER
- control field: 94640
003 - CONTROL NUMBER IDENTIFIER
- control field: NUST
005 - DATE AND TIME OF LATEST TRANSACTION
- control field: 20220723152219.0
008 - FIXED-LENGTH DATA ELEMENTS
- fixed length control field: 220723|| aca||aabn | a|a d
040 ## - CATALOGING SOURCE
- Original cataloging agency: NUST
- Transcribing agency: NUST
100 ## - HEADING--PERSONAL NAME
- Personal name: Sparks, Nicholas
- Title of a work: Walk to remember
- General subdivision: Study and teaching
670 ## - SOURCE DATA FOUND
- Source citation: Work cat.: (NUST)0: Sparks, Nicholas. 10035, A walk to remember , 2012, c1999.
